000 00616nam a2200241Ia 4500
003 OSt
005 20221007080231.0
006 a|||||r|||| 00| 0
007 ta
008 221006b |||||||| |||| 00| 0 eng d
024 _a42,906
037 _cTextual
040 _aFLL
_cFLL
_beng
041 _2eng
_aeng
082 _aZ2,93, Q6
100 _aBakshi P.M.
_9402428
245 0 _aInterpretation of statutes
250 _a2nd
260 _aNew Delhi
_bThomson Reuters India
_c2016
300 _aclxxv,1652p
_ccm.
942 _hZ2,93, Q6
_cTEXL
_2CC
999 _c1158777
_d1158777